Black skies #8 / Arnaldur Indridason ; translated ... Read More
Available copies
- 2 of 2 copies available at LARL/NWRL Consortium. (Show)
- 1 of 1 copy available at Lake Agassiz Regional Library.
Current holds
0 current holds with 2 total copies.
Show Only Available Copies
| Location | Call Number / Copy Notes | Barcode | Shelving Location | Status | Due Date |
|---|---|---|---|---|---|
| Mahnomen Public Library | M ARN (Text) | 33500011575727 | Main | Available | - |
Record details
- ISBN: 9781250000392 (hardcover)
- ISBN: 1250000394 (hardcover)
- Physical Description: 330 pages ; 25 cm
- Edition: First U.S. edition.
- Publisher: New York : Minotaur Books, 2013.
Content descriptions
| General Note: | "First published with the title Svörtuloft in 2009 by Forlagí, Reykjavík." "A Thomas Dunne book." |
| Summary, etc.: | A man is making a crude leather mask with an iron ... Read More |
| Language Note: | Translation of: Svörtuloft. |
Search for related items by subject
| Subject: | Erlendur Sveinsson (Fictitious character) > Fiction. Reykjavík (Iceland) > Fiction. |
| Genre: | Mystery fiction. Suspense fiction. |
Search for related items by series
| LDR | 02489cam a22005178i 4500 | ||
|---|---|---|---|
| 001 | 155341 | ||
| 003 | LARL_NWRL_CONSORTIUM | ||
| 005 | 20130920093958.0 | ||
| 008 | 130418s2013 nyu 000 1 eng | ||
| 020 | . | ‡a9781250000392 (hardcover) | |
| 020 | . | ‡a1250000394 (hardcover) | |
| 020 | . | ‡z9781250036841 (e-book) | |
| 035 | . | ‡a(OCoLC)827256724 | |
| 041 | 1 | . | ‡aeng ‡hic |
| 042 | . | ‡apcc | |
| 043 | . | ‡ae-ic--- | |
| 082 | 0 | 0. | ‡a839/.6935 ‡223 |
| 100 | 0 | . | ‡aArnaldur Indriðason, ‡d1961- ‡eauthor. ‡0(LARL_NWRL_CONSORTIUM)219362 |
| 245 | 1 | 0. | ‡aBlack skies ‡n#8 / ‡cArnaldur Indridason ; translated from the Icelandic by Victoria Cribb. |
| 250 | . | ‡aFirst U.S. edition. | |
| 260 | . | ‡aNew York : ‡bMinotaur Books, ‡c2013. | |
| 300 | . | ‡a330 pages ; ‡c25 cm | |
| 336 | . | ‡atext ‡btxt ‡2rdacontent | |
| 337 | . | ‡aunmediated ‡bn ‡2rdamedia | |
| 338 | . | ‡avolume ‡bnc ‡2rdacarrier | |
| 490 | 0 | . | ‡aInspector Sveinsson ; ‡v8 |
| 546 | . | ‡aTranslation of: Svörtuloft. | |
| 500 | . | ‡a"First published with the title Svörtuloft in 2009 by Forlagí, Reykjavík." | |
| 500 | . | ‡a"A Thomas Dunne book." | |
| 520 | . | ‡aA man is making a crude leather mask with an iron spike fixed in the middle of the forehead. It is a "death mask," once used by Icelandic farmers to slaughter calves, and he has revenge in mind. Meanwhile, a school reunion has left Inspector Erlendur's colleague Sigurdur Óli unhappy with life in the police force. When a favor to a friend goes wrong and a woman dies before his eyes, Óli has a murder investigation on his hands. | |
| 650 | 0. | ‡aErlendur Sveinsson (Fictitious character) ‡vFiction. | |
| 651 | 0. | ‡aReykjavík (Iceland) ‡vFiction. | |
| 655 | 7. | ‡aMystery fiction. ‡2gsafd | |
| 655 | 7. | ‡aSuspense fiction. ‡2gsafd | |
| 700 | 1 | . | ‡aCribb, Victoria, ‡etranslator. ‡0(LARL_NWRL_CONSORTIUM)188133 |
| 901 | . | ‡a155341 ‡bOCLC ‡c155341 ‡tbiblio | |

Add to basket
Permalink
Disable Highlighting